Modern Database Management (Record no. 2944)

MARC details
000 -LEADER
fixed length control field 00564nam a22002057a 4500
003 - CONTROL NUMBER IDENTIFIER
control field OSt
005 - DATE AND TIME OF LATEST TRANSACTION
control field 20251101121650.0
008 - FIXED-LENGTH DATA ELEMENTS--GENERAL INFORMATION
fixed length control field 160203b xxu||||| |||| 00| 0 eng d
020 ## - INTERNATIONAL STANDARD BOOK NUMBER
International Standard Book Number 0137130481
040 ## - CATALOGING SOURCE
Transcribing agency 040a
082 ## - DEWEY DECIMAL CLASSIFICATION NUMBER
Classification number 005.74 HOF 2009
100 ## - MAIN ENTRY--PERSONAL NAME
Personal name Hoffer, Jeffrey A.; Prescott, Mary B.; Top, Heikki
9 (RLIN) 6615
245 ## - TITLE STATEMENT
Title Modern Database Management
250 ## - EDITION STATEMENT
Edition statement 9th.ed
260 ## - PUBLICATION, DISTRIBUTION, ETC. (IMPRINT)
Place of publication, distribution, etc. London;
Name of publisher, distributor, etc. Pearson Education,
Date of publication, distribution, etc. 2009
300 ## - PHYSICAL DESCRIPTION
Extent iv, 729p;
Other physical details Col.ill :
Dimensions 25 cm
504 ## - BIBLIOGRAPHY, ETC. NOTE
Bibliography, etc includes index
650 ## - SUBJECT ADDED ENTRY--TOPICAL TERM
Topical term or geographic name as entry element Database management
9 (RLIN) 508
942 ## - ADDED ENTRY ELEMENTS (KOHA)
Source of classification or shelving scheme Dewey Decimal Classification
Koha item type Short Loan
Holdings
Withdrawn status Lost status Source of classification or shelving scheme Damaged status Not for loan Home library Current library Date acquired Source of acquisition Inventory number Total Checkouts Full call number Barcode Date last seen Koha item type
    Dewey Decimal Classification     MUST Main Library MUST Main Library 03/02/2016 Purchase 08/30082   005.74 HOF 2009 2016-0055 03/02/2016 Short Loan
    Dewey Decimal Classification     MUST Main Library MUST Main Library 10/05/2016 Purchase 08/30083   005.74 HOF 2009 2016-1716 10/05/2016 Short Loan